Vista normal
Vista MARC
Entrada Topical Term
Número de registros utilizados en: 1
001 - CONTROL NUMBER
- control field: 26692
003 - CONTROL NUMBER IDENTIFIER
- control field: OSt
005 - DATE AND TIME OF LATEST TRANSACTION
- control field: 20230915231208.0
008 - FIXED-LENGTH DATA ELEMENTS
- fixed length control field: 230915|| aca||aabn | a|a d
040 ## - CATALOGING SOURCE
- Original cataloging agency: OSt
- Transcribing agency: OSt
150 ## - HEADING--TOPICAL TERM
- Topical term or geographic name entry element: FLORES - ENFERMEDADES Y PLAGAS
670 ## - SOURCE DATA FOUND
- Source citation: Work cat.: (OSt)17090: Gill, Stanton; Clement, Clement; Dutky, Ethel 26691, Plagas y enfermedades de los cultivos de flores :